Statistics for Click the Nicki Minaj Song Title Ending

Click here to take the quiz!

General Stats

  • This quiz has been taken 201 times
    (113 since last reset)
  • The average score is 13 of 17

Answer Stats

HintAnswer% Correct
SuperBass
94%
Super FreakyGirl
88%
Last Time I SawYou
88%
Roman'sRevenge
85%
Pound theAlarm
82%
BigFoot
82%
Itty BittyPiggy
82%
Do We Have AProblem
82%
Beez In TheTrap
79%
StupidHoe
76%
SaveMe
76%
YourLove
65%
GoodForm
59%
PinkBirthday
56%
SeeingGreen
56%
BarbieDangerous
53%
HardWhite
44%

Score Distribution

Percentile by Number Answered

Percent of People with Each Score

Your Score History

You have not taken this quiz since the last reset